[Event "JPN-ch 52nd"]
[Site "Tokyo"]
[Date "2019.05.02"]
[Round "7"]
[White "Kobayashi, Atsuhiko"]
[Black "Higashishiba, Teruomi"]
[Result "1-0"]
[WhiteElo "2080"]
[BlackElo "1978"]
[PlyCount "66"]
[EventDate "2019.04.29"]
[EventType "swiss"]
[EventRounds "10"]
[EventCountry "JPN"]
[SourceTitle "CBM 190 Extra"]
[Source "ChessBase"]
[SourceDate "2019.07.15"]
[SourceVersion "1"]
[SourceVersionDate "2019.07.15"]
[SourceQuality "1"]

1. d4 Nf6 2. c4 e6 3. g3 d5 4. Bg2 Be7 5. Nf3 0-0 6. Qc2 c6 7. 0-0 Nbd7 8. Nbd2 b6 9. e4 Nxe4 10. Nxe4 dxe4 11. Qxe4 Ba6 12. b3 Rc8 13. Rd1 c5 14. Bf4 Qe8 15. Rac1 cxd4 16. Qxd4 Nf6 17. Ne5 Ba3 18. Rb1 Bc5 19. Qb2 Be7 20. a4 Kh8 21. h4 Nh5 22. Be3 Bf6 23. Bf3 Bxe5 24. Qxe5 Nf6 25. a5 Rb8 26. h5 Ng8 27. Qc7 Qe7 28. Qxe7 Nxe7 29. Rd7 Nf5 30. Rxa7 Nxe3 31. Rxa6 Nf5 32. Rxb6 Nd4 33. Bb7 Nf3+ 1-0

[Event "Tokyo City-ch"]
[Site "Tokyo"]
[Date "2019.03.23"]
[Round "3"]
[White "Higashishiba, Teruomi"]
[Black "Onishi, Kosuke"]
[Result "1-0"]
[WhiteElo "2118"]
[BlackElo "1757"]
[PlyCount "105"]
[EventDate "2019.03.23"]
[EventType "swiss"]
[EventRounds "6"]
[EventCountry "JPN"]
[SourceTitle "CBM 190 Extra"]
[Source "ChessBase"]
[SourceDate "2019.07.15"]
[SourceVersion "1"]
[SourceVersionDate "2019.07.15"]
[SourceQuality "1"]

1. e4 e5 2. Nf3 Nc6 3. Bb5 Nf6 4. 0-0 Nxe4 5. d4 Nd6 6. Bxc6 dxc6 7. dxe5 Nf5 8. Qxd8+ Kxd8 9. b3 Be7 10. Bb2 Nh4 11. Nbd2 h5 12. Rfe1 Rh6 13. Re4 Nxf3+ 14. Nxf3 Be6 15. c4 c5 16. h3 g5 17. g4 Kd7 18. Rd1+ Kc6 19. Bc1 Rg8 20. b4 b6 21. bxc5 bxc5 22. Kg2 hxg4 23. hxg4 Rhg6 24. Rd3 Rb8 25. Ra3 Rb4 26. Rc3 Ra4 27. a3 Kd7 28. Nd2 Rh6 29. f3 Rh8 30. Rb3 Kc8 31. Rd3 Rd8 32. Rxd8+ Kxd8 33. Kf2 Kd7 34. Bb2 Kc6 35. Ke2 Ra6 36. Kd3 Rb6 37. Kc2 Rb8 38. Re3 Rh8 39. Re2 Rh1 40. Bc3 Rh3 41. Re1 Rh2 42. Kd3 Rh3 43. Re3 Bc8 44. Ne4 Ba6 45. Nf6 Bxf6 46. exf6 Bc8 47. Ke4 Be6 48. Kd3 Rh1 49. Rxe6+ fxe6 50. f7 Rd1+ 51. Bd2 e5 52. f8Q e4+ 53. fxe4 1-0

[Event "Tokyo City-ch"]
[Site "Tokyo"]
[Date "2019.03.23"]
[Round "2"]
[White "Ishii, Ichiro"]
[Black "Higashishiba, Teruomi"]
[Result "1/2-1/2"]
[WhiteElo "1789"]
[BlackElo "2118"]
[PlyCount "117"]
[EventDate "2019.03.23"]
[EventType "swiss"]
[EventRounds "6"]
[EventCountry "JPN"]
[SourceTitle "CBM 190 Extra"]
[Source "ChessBase"]
[SourceDate "2019.07.15"]
[SourceVersion "1"]
[SourceVersionDate "2019.07.15"]
[SourceQuality "1"]

1. d4 Nf6 2. Bg5 e6 3. Nf3 Be7 4. e3 b6 5. c4 Bb7 6. Nc3 d5 7. cxd5 exd5 8. Bd3 Nbd7 9. 0-0 h6 10. Bxf6 Bxf6 11. Qb3 c6 12. Rac1 0-0 13. Bb1 Re8 14. Rfe1 Nf8 15. a3 Ne6 16. Qc2 g6 17. Ne5 c5 18. Nxf7 Kxf7 19. Qxg6+ Kf8 20. dxc5 Bg7 21. cxb6 axb6 22. Red1 Qf6 23. Nxd5 Bxd5 24. Rxd5 Qxg6 25. Bxg6 Rec8 26. Rxc8+ Rxc8 27. g3 Rc5 28. Rd6 Ng5 29. Rxb6 Nf3+ 30. Kg2 Ne5 31. Be4 Nc4 32. Rb8+ Ke7 33. a4 Nxb2 34. Ra8 Rc4 35. Ra7+ Kf6 36. Bd5 Rxa4 37. Rxa4 Nxa4 38. f4 Nc3 39. Bc6 Bf8 40. Kf3 Bc5 41. e4 Nd1 42. g4 Ne3 43. h4 Nf1 44. g5+ hxg5 45. hxg5+ Kg6 46. Be8+ Kg7 47. f5 Bd6 48. f6+ Kf8 49. Bh5 Be5 50. Bg6 Kg8 51. Kg4 Ne3+ 52. Kh5 Kf8 53. Kh6 Ng2 54. Bh5 Nf4 55. Bd1 Bc3 56. Bb3 Be5 57. f7 Bg7+ 58. Kh7 Be5 59. Kh6 1/2-1/2

[Event "JPN-ch"]
[Site "Tokyo"]
[Date "2018.04.29"]
[Round "1"]
[White "Higashishiba, Teruomi"]
[Black "Shibata, Misaki"]
[Result "1-0"]
[WhiteElo "1989"]
[BlackElo "1592"]
[PlyCount "65"]
[EventDate "2018.04.29"]
[EventType "swiss"]
[EventRounds "11"]
[EventCountry "JPN"]
[SourceTitle "CBM 184 Extra"]
[Source "ChessBase"]
[SourceDate "2018.06.28"]
[SourceVersion "1"]
[SourceVersionDate "2018.06.28"]
[SourceQuality "1"]

1. e4 e6 2. d4 d5 3. Nd2 Nf6 4. e5 Nfd7 5. Bd3 c5 6. c3 Nc6 7. Ne2 Be7 8. 0-0 0-0 9. f4 f6 10. Nf3 Qb6 11. Kh1 Rd8 12. a3 Nf8 13. b4 cxd4 14. cxd4 Bd7 15. Nc3 Be8 16. Be3 Rac8 17. Na4 Qc7 18. Rc1 Qb8 19. Bd2 Bg6 20. Bxg6 Nxg6 21. b5 Ncxe5 22. fxe5 fxe5 23. dxe5 Bxa3 24. Rxc8 Rxc8 25. Qb3 Be7 26. Re1 Qc7 27. Nb2 Bc5 28. Nd3 Bb6 29. Rc1 Qd7 30. Rxc8+ Qxc8 31. Qc3 Qd7 32. h3 Qxb5 33. Qc8+ 1-0